000 01073nam a2200301 4500
003 EC-UNACH
005 20251201131613.0
006 s||||gr|||| 00| 00
008 150116t9999 mx r gr 000 0 spa d
020 _a958-95043-7-X
040 _aEC-UNACH
_cEC-UNACH
041 _aspa
082 0 4 _223
_a642.2
_bL018400
110 _aEdiciones UIS
245 _aDiseño de puentes
250 _aSegunda edición
264 _aColombia
_bEdiciones UIS
_c1993
300 _a363
505 _a-Introducción sobre puentes- - 2-Puentes de tablero formado con losa - -3- Puentes de sección en viga y losa - - 4- Apoyos - - 5- Estribos para puentes - -6- Pilas para puentes - - 7- El proyecto de un puente - - 8- Alcantarillas - - 9- Puentes colgantes o suspendidos para peatones
650 _aPRINCIPALES NORMAS
650 _aDISEÑOS DE APOYO
650 _aESTUDIO TOPOGRAFICO
700 _aJosé Eusebio Trujillo Orozco
942 _2ddc
_c1
999 _c14233